| 000 | 01470nam a2200349 a 4500 | ||
|---|---|---|---|
| 001 | ebr10675181 | ||
| 003 | CaPaEBR | ||
| 006 | m u | ||
| 007 | cr cn||||||||| | ||
| 008 | 100429s2010 nyuab sb 001 0 eng d | ||
| 010 | _z 2010015622 | ||
| 020 | _z9781617281037 (hardcover) | ||
| 020 | _z9781617283307 (e-book) | ||
| 040 |
_aCaPaEBR _cCaPaEBR |
||
| 035 | _a(OCoLC)707080646 | ||
| 043 | _anl----- | ||
| 050 | 1 | 4 |
_aTD427.A68 _bP76 2010eb |
| 082 | 0 | 4 |
_a628.9/60977 _222 |
| 245 | 0 | 0 |
_aProtecting the Great Lakes from invasive and nonindigenous species _h[electronic resource] / _cClara E. Wouters, editor. |
| 260 |
_aNew York : _bNova Science Publishers, Inc., _cc2010. |
||
| 300 |
_aix, 136 p. : _bill., maps. |
||
| 490 | 1 | _aEnvironmental science, engineering and technology | |
| 504 | _aIncludes bibliographical references and index. | ||
| 533 |
_aElectronic reproduction. _bPalo Alto, Calif. : _cebrary, _d2013. _nAvailable via World Wide Web. _nAccess may be limited to ebrary affiliated libraries. |
||
| 650 | 0 |
_aNonindigenous aquatic pests _zGreat Lakes (North America) _xSimulation methods. |
|
| 650 | 0 |
_aBallast water _xManagement. |
|
| 655 | 7 |
_aElectronic books. _2local |
|
| 700 | 1 | _aWouters, Clara E. | |
| 710 | 2 | _aebrary, Inc. | |
| 830 | 0 | _aEnvironmental science, engineering and technology series. | |
| 856 | 4 | 0 |
_uhttp://site.ebrary.com/lib/rucke/Doc?id=10675181 _zAn electronic book accessible through the World Wide Web; click to view |
| 999 |
_c57466 _d57466 |
||